Autour de l'histoire de la télévision en france - Statistiques

Statistiques générales
  • Ce quiz a été pris 20 fois
  • Le résultat moyen est 19 sur 40
Statistiques - réponses
Question Réponse % Correct
Pour les plus petits, la télévision diffuse dans les années 60... Bonne nuit les petits
80%
En 2020, une chaine disparait... France Ô
80%
En 1986, une chaine appelée la Société d'Edition de Programmes de Télévision nait, c'est... La Sept
80%
En 1995, les chaines rendent hommage à un pionnier de la télévision qui vient de mourir, c'est... Léon Zitrone
80%
En 1987, quelle chaine est privatisée ? TF1
80%
La première transmission d'images de Montrouge à Malakoff par René Barthélémy a lieu le 14 avril 1931
60%
La 3e chaine de télévision est créée en... 1972
60%
La 1ère chaine de télévision d'information en continu française apparait en... 1994
60%
La Télévision Numérique Terrestre est lancée en France en 2005
60%
Dans les années 60, les jeunes délaissent la télévision de leurs parents, on crée pour eux une émission... Age tendre et tête de bois
60%
Deux chaines sont créées en 1984, lesquelles ? Canal+ et TV5
60%
Quelle affirmation est fausse concernant la 2e chaine ? Elle passe en couleur en 1970
60%
Quand l'ORTF est démantelée, quelle chaine n'est pas créée ? F4
60%
Que signifie le nom FR3 ? France-Régions 3
60%
Une affirmation est fausse concernant le 1er programme expérimental, laquelle ? il est reçu uniquement en Normandie
60%
Quelle émission n'existe pas dans les années 50 ? Intervilles
60%
Quelle est la plus vieille émission de la télévision française encore diffusée ? Le Jour du Seigneur
60%
Cette émission créée en 1967 existe jusqu'en 1991, c'est... Les dossiers de l'écran
60%
La publicité de marque apparait à la télévision en 1968, on l'appelle alors souvent... les réclames
60%
Dans les années 2000 la téléréalité fait son apparition avec... Loft Story
60%
Le nom M6 signifie Metropole 6
60%
La tour Eiffel devient émetteur avec une puissance de 10 kW en novembre 1935
60%
La Compagnie générale de télévision est fondée en 1931
40%
De nouvelles chaines gratuites sont créées sur la TNT en 2008
40%
En 1952, acheter une télévision demeure réservé aux plus aisés, on compte cependant en France... 24000 postes
40%
Quelle affirmation est fausse concernant la télévision pendant l'Occupation elle émet dès le 11 novembre 1942
40%
Qu'est ce qui est strictement interdit à la télévision dans les années 50 ? la publicité pour une marque
40%
Quelle chaine n'est pas créée lors du lancement de la TNT ? LCP
40%
Le premier grand événement diffusé par la 2e chaine concerne les Jeux Olympiques de Grenoble
40%
Quelle affirmation est fausse concernant le 1er programme officiel ? un comédien déclame une tirade de Rostand
40%
La 1ère chaine passe à la couleur en... 1976
20%
Quelle chaine ne voit arriver la publicité qu'en 1983 ? FR3
20%
Quelle affirmation est fausse concernant le couronnement de la reine Elisabeth d'Angleterre ? il a été retransmis en direct dans toute l'Europe
20%
Quand débute la 2e Guerre mondiale, quelle affirmation est fausse ? Il y a 2h de programe par jour
20%
Qu'est ce qui n'est pas exact pour l'année 1949 ? il y a 513 postes en France
20%
Dans les années 80, une évolution technologique change le comportement des téléspectateurs... le magnétoscope
20%
Dans les années 70 apparaissent les 1ères émissions... scientifiques
20%
A partir de quelle année vend-t-on en France plus de téléviseurs en couleurs que noir-et-blanc ? 1970
0%
Quand a lieu l'élection présidentielle de 1965, quel pourcentage de Français possède une télévision ? 40 %
0%
TV6 est une chaine dédiée à la jeunesse
0%
Aucun quiz correspondant
Distribution des résultats
% des personnes avec chaque résultat
Percentile par nombre de réponses
Votre historique - résultats
Vous n’avez pas pris ce quiz